Luna que se quiebra /
Volumen en que se reúnen tres libros de escritores que nacieron o han producido su obra literaria en Jalisco: Luis Albeto Navarro (Guadalajara, 1958) ha publicado su obra poética en diversas revistas y es autor de Recuerdos memoriables (1980), Las livianas (1983) y Cautivas de la luna: las oscuras p...
Tallennettuna:
| Päätekijä: | |
|---|---|
| Muut tekijät: | , |
| Aineistotyyppi: | Kirja |
| Kieli: | espanja |
| Julkaistu: |
México : Guadalajara, México :
Premiá ; Gobierno del Estado de Jalisco, Departamento de Bellas Artes,
1985, c1985
|
| Sarja: | (Libros del Bicho ;
66) |
| Aiheet: | |
| Tagit: |
Ei tageja, Lisää ensimmäinen tagi!
|
MARC
| LEADER | 00000nam^a2200000^a^4500 | ||
|---|---|---|---|
| 001 | 000136296 | ||
| 005 | 20250521000000.0 | ||
| 009 | 20260310095312.098 | ||
| 020 | |a 968-434-370-1 | ||
| 037 | |a Acervo ITESO - Biblioteca | ||
| 041 | |a ESP | ||
| 082 | |a 861. |b NAV | ||
| 100 | |a Navarro, Luis Alberto |e (autor) | ||
| 245 | 1 | 0 | |a Luna que se quiebra / |c L.A. Navarro, J. Esquinca, L. Ortega. |
| 264 | 4 | |a México : |b Premiá ; |a Guadalajara, México : |b Gobierno del Estado de Jalisco, Departamento de Bellas Artes, |c 1985, c1985 | |
| 300 | |a 97 p. | ||
| 336 | |a texto |b txt |2 rdacontenido | ||
| 337 | |a sin mediación |b n |2 rdamedio | ||
| 338 | |a volumen |b nc |2 rdasoporte | ||
| 440 | 1 | |a (Libros del Bicho ; |v 66) | |
| 520 | |a Volumen en que se reúnen tres libros de escritores que nacieron o han producido su obra literaria en Jalisco: Luis Albeto Navarro (Guadalajara, 1958) ha publicado su obra poética en diversas revistas y es autor de Recuerdos memoriables (1980), Las livianas (1983) y Cautivas de la luna: las oscuras partes (1985); Jorge Esquinca (Ciudad de México, 1957) reunió la antología de Elías Nandino Costumbre de morir a diario (1982) y es autor de En recuerdo de polvo blanco (1980), La noche en blanco (1983), Augurios (1984), Alianza de los reinos (1988), Paloma de otros diluvios (1990) y Paso de ciervo (1998), entre otros títulos. Fue galardonado con el Premio de Poesía Aguascalientes 1990 por El cardo en la voz; Luisfernando Ortega (Ciudad de México, 1957) ha publicado en diversas revistas y es autor de Mujer con lluvia (1982) y Fragmentos de sal (1985). | ||
| 649 | |a XX | ||
| 650 | |a Poesía Jalisciense | ||
| 650 | |a Poesía Mexicana | ||
| 650 | |a Literatura Jalisciense - |y Siglo XX | ||
| 650 | |a Literatura Mexicana - |y Siglo XX | ||
| 740 | 0 | |a Cautivas de la luna : |b las oscuras partes / |c L.A. Navarro. | |
| 740 | 4 | |a Las zorras y el mar / |c J.Esquinca. | |
| 740 | 0 | |a Fragmentos de la sal / |c L. Ortega. | |
| 700 | |a Esquinca, Jorge |e (autor) | ||
| 700 | |a Ortega, Luisfernando |e (autor) | ||
| 910 | |a Fondo General | ||
| 920 | |a Impresos - Libros | ||
| 930 | |a Colección General | ||
| 940 | |a Literatura | ||
| 905 | |a 101 | ||
| 901 | |a 0500065034 |b IT1 |c LIT |u 20250521 | ||
| 902 | |a https://opac.biblio.iteso.mx/vufind/Record/000136296 | ||